Names of cities in German - Statistics

General Stats
  • This quiz has been taken 8 times
  • The average score is 7 of 36
Answer Stats
City Country City name in German % Correct
Geneva Switzerland Genf
75%
Gdańsk Poland Danzig
63%
Kaliningrad Russia Konigsberg
63%
Warszawa Poland Warschau
63%
Wroclaw Poland Breslau
50%
Bratislava Slovakia Pressburg
50%
Bolzano Italy Bozen
38%
Brno Czechia Brunn
38%
Poznań Poland Posen
38%
Cluj-Napoca Romania Klausenberg
25%
Tallinn Estonia Reval
25%
Pécs Hungary Funfkirchen
13%
Zielona Góra Poland Grunberg
13%
Sibiu Romania Hermannstadt
13%
Košice Slovakia Kaschau
13%
Brasov Romania Kronstadt
13%
Gorzów Wielkopolski Poland Landsberg
13%
Maribor Slovenia Marburg
13%
Klaipeda Lithuania Memel
13%
Liberec Czechia Reichenberg
13%
Vilnius Lithuania Wilna
13%
Olsztyn Poland Allenstein
0%
Ústí nad Labem Czechia Aussig
0%
Cheb Czechia Eger
0%
Osijek Croatia Esseg
0%
Rijeka Croatia Fiume
0%
Gniezno Poland Gnesen
0%
Jihlava Czechia Iglau
0%
Ljubljana Slovenia Laibach
0%
Nancy France Nanzig
0%
Novi Sad Serbia Neusatz
0%
Banská Bystrica Slovakia Neusohl
0%
Székesféhervár Hungary Stuhlweissenburg
0%
Subotica Serbia Theresiopel
0%
Opava Czechia Troppau
0%
Trnava Slovakia Tyrnau
0%
No matching quizzes found
Score Distribution
Percent of People with Each Score
Percentile by Number Answered
Your Score History
You have not taken this quiz